El nomos de la Tierra en el Derecho de gentes del `Jus publicum europaeum` / (Record no. 140034)

MARC details
000 -LEADER
campo de control de longitud fija 00643nam a2200181 4500
001 - NÚMERO DE CONTROL
campo de control 140034
003 - IDENTIFICADOR DE NÚMERO DE CONTROL
campo de control ES-MaACL
005 - FECHA Y HORA DE LA ÚLTIMA TRANSACCIÓN
campo de control 20230906195959.0
007 - CAMPO FIJO DE DESCRIPCIÓN FÍSICA--INFORMACIÓN GENERAL
campo de control de longitud fija t|
008 - DATOS DE LONGITUD FIJA--INFORMACIÓN GENERAL
campo de control de longitud fija 070214s1979 sp r ||||1| spa d
100 1# - ENTRADA PRINCIPAL--NOMBRE DE PERSONA
Nombre de persona Schmitt, Carl.
9 (RLIN) 104517
245 13 - MENCIÓN DEL TÍTULO
Título El nomos de la Tierra en el Derecho de gentes del `Jus publicum europaeum` /
Mención de responsabilidad, etc. Carl Schmitt ; [traducción: Dora Schilling Thon].
260 ## - PUBLICACIÓN, DISTRIBUCIÓN, ETC.
Lugar de publicación, distribución, etc. Madrid :
Nombre del editor, distribuidor, etc. Centro de Estudios Constitucionales,
Fecha de publicación, distribución, etc. 1973.
300 ## - DESCRIPCIÓN FÍSICA
Extensión 443 p. ;
Dimensiones 22 cm.
700 1# - ENTRADA AGREGADA--NOMBRE PERSONAL
Nombre de persona Schilling Thon, Dora.
9 (RLIN) 104366
710 2# - ENTRADA AGREGADA--NOMBRE DE ENTIDAD CORPORATIVA
Nombre de entidad corporativa o nombre de jurisdicción como elemento de entrada Centro de Estudios Constitucionales (España)
9 (RLIN) 2618
852 ## - LOCALIZACIÓN
Ubicación ES-MaACL
Número de control de estantería A-10338
Sublocalización o colección R.99428
Holdings
Estatus retirado Estado de pérdida Estado de daño No para préstamo Biblioteca de origen Biblioteca actual Ubicación en estantería Fecha de adquisición Fuente de adquisición Total de préstamos Signatura topográfica completa Código de barras Visto por última vez Precio de reemplazo Tipo de ítem Koha
        Biblioteca del Ateneo de Madrid Biblioteca del Ateneo de Madrid Depósito 1 17/01/2008     A-10338 1145724 23/02/2023 23/02/2023 Libro impreso